00377 a2200133 4500050002400000100002100024245005500045264005900100300000900159500001900168650001600187651001300203700002700216 aKTZ2.23.A2 Z56 1996 aFeltoe GeEditor aThe Zimbabwe Law Reportsb1996 ( Part 1)cG Feltoe aHarare, Zimbabwe :bLegal Resources Foundation, c1996 a709p aIncludes index aLaw Reports aZimbabwe aJ Reid RowlandeEditor